[Event "GER M-460 D email"]
[Site "GER email"]
[Date "2011.??.??"]
[Round "?"]
[White "Schmid, Walter"]
[Black "Kruse, Roger"]
[Result "1/2-1/2"]
[WhiteElo "2039"]
[BlackElo "2266"]
[PlyCount "59"]
[EventDate "2011.??.??"]
[EventType "tourn (corr)"]
[EventRounds "1"]
[EventCountry "GER"]
[SourceTitle "Corr 2015"]
[Source "ChessBase"]
[SourceDate "2015.07.17"]
[SourceVersion "1"]
[SourceVersionDate "2015.07.17"]
[SourceQuality "1"]

1. e4 e5 2. Nf3 Nc6 3. Bb5 a6 4. Ba4 Nf6 5. 0-0 Be7 6. d4 exd4 7. e5 Ne4 8. Re1 Nc5 9. Bxc6 dxc6 10. Nxd4 0-0 11. Nc3 f5 12. Nce2 Ne6 13. a4 c5 14. Nxe6 Qxd1 15. Rxd1 Bxe6 16. Nf4 Rad8 17. Bd2 Kf7 18. g3 g5 19. Nxe6 Kxe6 20. f4 Rd4 21. Be3 Re4 22. Kf2 Rg8 23. Kf3 g4+ 24. Kf2 h5 25. b3 c4 26. Rab1 Rh8 27. Rd4 Rxd4 28. Bxd4 cxb3 29. Rxb3 b6 30. Rc3 1/2-1/2